00707nam a2200181Ia 4500082002100000245004100021260006000062300000800122440003700130500015700167504001900324650003500343650004100378650001700419700001700436700001800453710005400471 aRR 016.3053 GEN- 0aGender and migration: a bibliography aNew DelhibCentre for Women's Development Studiesc2012 a100 aCWDS library resources series, X aprepared on the occasion of national colloquium on gender and migration organised by Centre for Women's Development Studies, 6th March, 2012, New Delhi. aincludes index aSexvBibliographyvMethodology aMigrationvBibliographyvMethodology aBibliography a Vyas, Anju  aUsmani, Meena aCentre for Women's Development Studies, New Delhi